Microscopic and immunohistologic anatomy of the endocrine pancreas of pygmy and dwarf sperm whales (<Kogiidae>) (Registro nro. 9478)
[ vista simple ]
| 000 -CABECERA | |
|---|---|
| Campo de control | 005990000a22001810004500 |
| 090 ## - CLASIFICACIÓN LOCAL | |
| Colección | AR |
| Consecutivo | 00381 |
| 041 0# - IDIOMA | |
| Código de idioma para texto/pista de sonido o título separado | |
| 100 1# - ASIENTO PRINCIPAL--NOMBRE PERSONAL | |
| Nombre personal | Dellner Brown, Eileen |
| 245 10 - MENCION DE TITULO | |
| Título | Microscopic and immunohistologic anatomy of the endocrine pancreas of pygmy and dwarf sperm whales (<Kogiidae>) |
| 650 14 - ASIENTO SECUNDARIO DE MATERIA - TERMINO TEMATICO | |
| Término temático o nombre geográfico como elemento de entrada | Microbiología |
| 650 14 - ASIENTO SECUNDARIO DE MATERIA - TERMINO TEMATICO | |
| Término temático o nombre geográfico como elemento de entrada | Ballenas |
| 650 14 - ASIENTO SECUNDARIO DE MATERIA - TERMINO TEMATICO | |
| Término temático o nombre geográfico como elemento de entrada | Histología |
| 653 ## - TERMINO DE INDIZACION - NO CONTROLADO | |
| -- | Kogiidae |
| -- | Kogia |
| -- | Kogia breviceps |
| 700 1# - ASIENTO SECUNDARIO - NOMBRE PERSONAL | |
| Nombre personal | Reynolds, John E. |
| 700 1# - ASIENTO SECUNDARIO - NOMBRE PERSONAL | |
| Nombre personal | Bossart, Gregory |
| 773 1# - Item fuente: | |
| Título | Marine Mammal Science |
| Especificación de materiales | 156 |
| Descripción física | 4 |
| Paginas del Articulo | 291-296 |
| Lugar, editorial y fecha de publicación | 1988 |
| Información sobre la relación | 4 |
| 942 ## - ELEMENTOS ADICIONALES (KOHA) | |
| Tipo de ítem | Artículo |
| Withdrawn status | Lost status | Damaged status | No para préstamo | Colección | Ubicación Permanente | Ubicación actual | Fecha de adquisición | Datos de publicación Seriada | Total Checkouts | Número topográfico | Inventario / Código de Barras | Date last seen | Ejemplar | Price effective from | Forma de adquisición | Tipo de material |
|---|---|---|---|---|---|---|---|---|---|---|---|---|---|---|---|---|
| No para Préstamo | Hemeroteca | Bogotá | Bogotá | 27/02/2015 | Fuera de circulación | AR 00381 | 010635 | 25/03/2015 | 1 | 25/03/2015 | Artículo |